Science Quiz

Random Science or Chemistry Quiz
Score 0/3 Timer 00:15
0 Plays Today
Question Answer Wrong Answers
Atomic Number 3 Lithium
100%
Lead
0%
Livermorium
0%
Lutetium
0%
Atomic Number 13 Aluminium
74.2%
Arsenic
0%
Silicon
16.1%
Zinc
9.7%
Atomic Number 23 Vanadium
58.1%
Niobium
3.2%
Titanium
12.9%
Chromium
22.6%
Remove Ads.
Support Sporcle.
Get the best of Sporcle when you Go Orange. This ad-free experience offers more features, more stats, and more fun while also helping to support Sporcle. Thank you for becoming a member.

You're not logged in!

Compare scores with friends on all Sporcle quizzes.
OR
Log In

Sporcle TV

Today on Sporcle TV


Watch our educational content, quiz creation guides, and fun videos on Sporcle TV.

Show Comments

Extras

Top Quizzes Today


Score Distribution

Paid Content

Your Account Isn't Verified!

In order to create a playlist on Sporcle, you need to verify the email address you used during registration. Go to your Sporcle Settings to finish the process.

Report this User

Report this user for behavior that violates our Community Guidelines.

Details: